00531nam a2200193 a 4500001001300000003000900013005001700022008004100039020001000080082001500090100002200105245008100127260004200208300000900250500003500259505001000294650001100304700002200315nice12345678IN_TiNIC20260116013518.0050524s1989 dela grp 000 0 eng  ac30000a291.4bBHA aBattacharyya, N N aMedieval Bhakti Movements in Indiab Sri Caitanya Quincetenary Commemoration aDelhibMunshiram Manoharlal Pubc1989 a393p aincludes index and biblioraphy2 aIndex aBhakti1 aBattacharyya, N N